Républicains ou Démocrates - Statistiques

Statistiques générales
  • Ce quiz a été pris 56 fois
  • Le résultat moyen est 11 sur 15
Statistiques - réponses
Question Réponse % Correct
Quel parti a soutenu la législation sur le mariage homosexuel en 2015 ? Démocrates
100%
Quel parti a adopté la loi sur l’assurance maladie en 2010 ? Démocrates
96%
Quel parti a aboli l’esclavage en 1865 avec le 13e amendement ? Républicains
91%
Quel parti a soutenu l’adoption de la loi sur l'immigration en 1965, qui a supprimé les quotas raciaux ? Démocrates
83%
Quel parti a promulgué la loi sur la discrimination au travail en 1963, garantissant un salaire égal pour un travail égal ? Démocrates
83%
Quel parti a adopté la loi de réduction des impôts et des emplois de 2017 ? Républicains
83%
Quel parti a soutenu l'adoption de la loi sur le "New Deal" en 1933 pour lutter contre la Grande Dépression ? Démocrates
74%
Quel parti a soutenu l’adoption de la loi de l’esclavage (Fugitive Slave Act) de 1850, renforçant la capture des esclaves fugitifs ? Démocrates
65%
Quel parti a soutenu l'annexion des Philippines après la guerre hispano-américaine en 1898 ? Républicains
65%
Quel parti a soutenu l'adoption du 14e amendement en 1868, garantissant la citoyenneté et l'égalité des droits ? Républicains
61%
Quel parti a soutenu la Prohibition dans les années 1920 ? Républicains
61%
Quel parti a soutenu la décision d'entrer en guerre contre l'Allemagne lors de la Seconde Guerre mondiale en 1941 ? Démocrates
52%
Quel parti a soutenu la création de la NASA dans les années 1960 ? Républicains
52%
Quel parti a soutenu l'annexion d'Hawaï en 1898 ? Républicains
52%
Quel parti a soutenu l'entrée des États-Unis dans la Première Guerre mondiale en 1917 ? Démocrates
48%
Aucun quiz correspondant
Distribution des résultats
% des personnes avec chaque résultat
Percentile par nombre de réponses
Votre historique - résultats
Vous n’avez pas pris ce quiz